[Event "31st Klatovy A 2025"]
[Site "Klatovy CZE"]
[Date "2025.07.04"]
[Round "7.5"]
[White "Tvrdik, Daniel"]
[Black "Hosnedl, Jiri"]
[Result "0-1"]
[WhiteElo "2140"]
[BlackElo "1985"]
[PlyCount "39"]
[EventDate "2025.06.28"]
[EventType "swiss"]
[EventRounds "9"]
[EventCountry "CZE"]

1. e4 {[%emt 0:01:36]} e5 {[%emt 0:00:08]} 2. Nf3 {[%emt 0:00:15]} Nf6 {[%emt 0:00:06]} 3. d4 {[%emt 0:00:21]} Nxe4 {[%emt 0:00:45]} 4. Nxe5 {[%emt 0:00:23]} d6 {[%emt 0:02:03]} 5. Nf3 {[%emt 0:04:11]} d5 {[%emt 0:00:31]} 6. Be3 {[%emt 0:03:06]} Bd6 {[%emt 0:00:55]} 7. Nbd2 {[%emt 0:01:44]} Bf5 {[%emt 0:03:23]} 8. Be2 {[%emt 0:05:07]} O-O {[%emt 0:02:07]} 9. Nxe4 {[%emt 0:05:00]} Bxe4 {[%emt 0:02:55]} 10. Qd2 {[%emt 0:03:35]} Nd7 {[%emt 0:09:49]} 11. h4 {[%emt 0:03:35]} f5 {[%emt 0:02:58]} 12. Bg5 {[%emt 0:03:30]} Qe8 {[%emt 0:05:31]} 13. Kf1 {[%emt 0:19:01]} f4 {[%emt 0:08:02]} 14. h5 {[%emt 0:13:07]} Rf5 {[%emt 0:04:51]} 15. Bh4 {[%emt 0:01:56]} Rxh5 {[%emt 0:02:16]} 16. c4 {[%emt 0:02:51]} c6 {[%emt 0:05:52]} 17. Re1 {[%emt 0:03:32]} Qg6 {[%emt 0:13:00]} 18. Rh2 {[%emt 0:01:21]} Rh6 {[%emt 0:09:04]} 19. Bd1 {[%emt 0:09:10]} Rf8 {[%emt 0:05:50]} 20. Bb3 {[%emt 0:14:45]} 0-1

[Event "31st Klatovy A 2025"]
[Site "Klatovy CZE"]
[Date "2025.07.04"]
[Round "7.6"]
[White "Pirklova, Hana"]
[Black "Hacha, Ales"]
[Result "1-0"]
[WhiteElo "2048"]
[BlackElo "2139"]
[PlyCount "79"]
[EventDate "2025.06.28"]
[EventType "swiss"]
[EventRounds "9"]
[EventCountry "CZE"]

1. e4 d6 {[%emt 0:23:01]} 2. d4 {[%emt 0:00:15]} c6 {[%emt 0:00:08]} 3. c4 {[%emt 0:00:06]} e5 {[%emt 0:00:20]} 4. Nf3 {[%emt 0:00:13]} Bg4 {[%emt 0:03:28]} 5. Be2 {[%emt 0:00:05]} Nf6 {[%emt 0:02:09]} 6. Nc3 {[%emt 0:00:31]} Nbd7 {[%emt 0:00:47]} 7. O-O {[%emt 0:00:50]} Be7 {[%emt 0:00:19]} 8. Be3 {[%emt 0:01:50]} O-O {[%emt 0:04:21]} 9. Qc2 {[%emt 0:05:52]} h6 {[%emt 0:05:40]} 10. h3 {[%emt 0:04:29]} Bh5 {[%emt 0:08:57]} 11. Rad1 {[%emt 0:12:47]} Qc7 {[%emt 0:07:02]} 12. Nh4 {[%emt 0:06:49]} Bxe2 {[%emt 0:01:05]} 13. Qxe2 {[%emt 0:00:04]} Rfe8 {[%emt 0:10:48]} 14. Nf5 {[%emt 0:02:25]} Bf8 {[%emt 0:04:10]} 15. Qf3 {[%emt 0:01:33]} Kh7 {[%emt 0:03:18]} 16. g4 {[%emt 0:01:30]} g6 {[%emt 0:02:05]} 17. Ng3 {[%emt 0:00:33]} Bg7 {[%emt 0:02:45]} 18. h4 {[%emt 0:01:37]} Ng8 {[%emt 0:04:56]} 19. d5 {[%emt 0:07:46]} c5 {[%emt 0:06:18]} 20. Nb5 {[%emt 0:02:04]} Qb6 {[%emt 0:00:19]} 21. Qxf7 {[%emt 0:10:12]} Re7 {[%emt 0:03:04]} 22. Qf3 {[%emt 0:00:09]} a6 {[%emt 0:00:23]} 23. Nc3 {[%emt 0:03:39]} Qxb2 {[%emt 0:02:17]} 24. Bc1 {[%emt 0:05:29]} Qb4 {[%emt 0:00:52]} 25. h5 {[%emt 0:01:30]} g5 {[%emt 0:02:45]} 26. Nf5 {[%emt 0:00:38]} Rf7 {[%emt 0:01:01]} 27. Qd3 {[%emt 0:02:24]} Bf8 {[%emt 0:05:27]} 28. Be3 {[%emt 0:06:05]} Nb6 {[%emt 0:06:45]} 29. Rb1 {[%emt 0:13:12]} Qxc4 {[%emt 0:00:07]} 30. Qc2 {[%emt 0:03:27]} Nc8 {[%emt 0:00:40]} 31. a4 {[%emt 0:02:58]} b5 {[%emt 0:00:12]} 32. Bd2 {[%emt 0:05:23]} b4 {[%emt 0:02:13]} 33. Ne3 {[%emt 0:00:08]} Qd4 {[%emt 0:02:29]} 34. Ne2 {[%emt 0:00:46]} b3 {[%emt 0:00:06]} 35. Nxd4 {[%emt 0:03:09]} bxc2 {[%emt 0:00:04]} 36. Ndxc2 {[%emt 0:00:08]} Nf6 {[%emt 0:02:01]} 37. f3 {[%emt 0:00:08]} Nd7 {[%emt 0:02:45]} 38. Nc4 {[%emt 0:00:42]} Be7 {[%emt 0:02:54]} 39. Ba5 {[%emt 0:05:13]} Ra7 {[%emt 0:02:48]} 40. N2e3 {[%emt 0:06:21]} 1-0

[Event "31st Klatovy A 2025"]
[Site "Klatovy CZE"]
[Date "2025.07.04"]
[Round "7.7"]
[White "Kroulik, Vaclav"]
[Black "Bartak, Josef"]
[Result "1-0"]
[WhiteElo "2088"]
[BlackElo "1953"]
[PlyCount "87"]
[EventDate "2025.06.28"]
[EventType "swiss"]
[EventRounds "9"]
[EventCountry "CZE"]

1. e4 {[%emt 0:00:02]} e5 {[%emt 0:05:25]} 2. Nf3 {[%emt 0:00:14]} Nc6 {[%emt 0:00:06]} 3. Bb5 {[%emt 0:00:04]} a6 {[%emt 0:00:04]} 4. Ba4 {[%emt 0:00:13]} d6 {[%emt 0:00:05]} 5. Nc3 {[%emt 0:00:53]} Nf6 {[%emt 0:00:29]} 6. Bxc6+ {[%emt 0:00:22]} bxc6 {[%emt 0:00:07]} 7. d4 {[%emt 0:00:05]} exd4 {[%emt 0:00:10]} 8. Nxd4 {[%emt 0:00:05]} c5 {[%emt 0:06:13]} 9. Nc6 {[%emt 0:00:31]} Qd7 {[%emt 0:02:46]} 10. Na5 {[%emt 0:00:06]} Be7 {[%emt 0:05:19]} 11. h3 {[%emt 0:02:55]} O-O {[%emt 0:06:13]} 12. Qf3 {[%emt 0:01:15]} c6 {[%emt 0:13:33]} 13. Bf4 {[%emt 0:18:26]} Qc7 {[%emt 0:06:16]} 14. Nb3 {[%emt 0:05:57]} Qb6 {[%emt 0:00:41]} 15. Rd1 {[%emt 0:03:45]} d5 {[%emt 0:16:56]} 16. e5 {[%emt 0:07:24]} Ne8 {[%emt 0:00:53]} 17. O-O {[%emt 0:03:07]} Nc7 {[%emt 0:04:46]} 18. Ne2 {[%emt 0:12:27]} Ne6 {[%emt 0:16:59]} 19. Bc1 {[%emt 0:08:29]} f6 {[%emt 0:02:20]} 20. exf6 {[%emt 0:08:09]} Bxf6 {[%emt 0:02:34]} 21. Qe3 {[%emt 0:13:13]} Bd7 {[%emt 0:02:26]} 22. c3 {[%emt 0:05:45]} Rae8 {[%emt 0:02:02]} 23. Qg3 {[%emt 0:01:10]} Qb5 {[%emt 0:07:06]} 24. Rfe1 {[%emt 0:04:19]} Qc4 {[%emt 0:05:07]} 25. Nf4 {[%emt 0:06:46]} Ng5 {[%emt 0:08:29]} 26. Rxe8 {[%emt 0:04:07]} Bxe8 {[%emt 0:00:28]} 27. Nxd5 {[%emt 0:01:49]} Nxh3+ {[%emt 0:06:53]} 28. gxh3 {[%emt 0:02:11]} Bh4 {[%emt 0:00:52]} 29. Ne7+ {[%emt 0:07:39]} Bxe7 {[%emt 0:01:03]} 30. Be3 {[%emt 0:02:01]} Bh5 {[%emt 0:02:48]} 31. Rd7 {[%emt 0:01:07]} Rf7 {[%emt 0:01:01]} 32. Qb8+ {[%emt 0:00:59]} Rf8 {[%emt 0:01:56]} 33. Qe5 {[%emt 0:00:29]} Qe2 {[%emt 0:01:56]} 34. Rxe7 {[%emt 0:03:33]} Qe1+ {[%emt 0:02:18]} 35. Kg2 {[%emt 0:00:04]} Bf3+ {[%emt 0:00:06]} 36. Kg3 {[%emt 0:00:03]} Qg1+ {[%emt 0:00:18]} 37. Kh4 {[%emt 0:00:03]} h6 {[%emt 0:00:46]} 38. Qg3 {[%emt 0:04:46]} g5+ {[%emt 0:00:38]} 39. Bxg5 {[%emt 0:00:04]} hxg5+ {[%emt 0:00:13]} 40. Kxg5 {[%emt 0:00:38]} Qxg3+ {[%emt 0:00:30]} 41. fxg3 {[%emt 0:00:01]} Bd5 {[%emt 0:00:34]} 42. Nxc5 {[%emt 0:00:41]} Rf3 {[%emt 0:00:10]} 43. Kg4 {[%emt 0:00:47]} Rf2 {[%emt 0:00:23]} 44. Rb7 {[%emt 0:00:54]} 1-0

[Event "31st Klatovy A 2025"]
[Site "Klatovy CZE"]
[Date "2025.07.04"]
[Round "7.8"]
[White "Lhotsky, Zdenek"]
[Black "Vltavsky, Vladimir"]
[Result "1/2-1/2"]
[WhiteElo "1907"]
[BlackElo "2122"]
[PlyCount "36"]
[EventDate "2025.06.28"]
[EventType "swiss"]
[EventRounds "9"]
[EventCountry "CZE"]

1. e4 {[%emt 0:00:01]} c5 {[%emt 0:08:02]} 2. Nf3 e6 {[%emt 0:00:22]} 3. d4 {[%emt 0:00:15]} cxd4 {[%emt 0:00:05]} 4. Nxd4 {[%emt 0:00:06]} Nf6 {[%emt 0:00:04]} 5. Nc3 {[%emt 0:00:07]} Nc6 {[%emt 0:00:13]} 6. Ndb5 {[%emt 0:01:10]} d6 {[%emt 0:00:14]} 7. Bf4 {[%emt 0:00:59]} e5 {[%emt 0:00:06]} 8. Bg5 {[%emt 0:00:01]} a6 {[%emt 0:00:17]} 9. Na3 {[%emt 0:00:07]} Be7 {[%emt 0:00:23]} 10. Bxf6 {[%emt 0:08:55]} Bxf6 {[%emt 0:00:09]} 11. Nc4 {[%emt 0:02:18]} Be7 {[%emt 0:01:33]} 12. Nd5 {[%emt 0:02:06]} O-O {[%emt 0:00:34]} 13. Nxe7+ {[%emt 0:13:39]} Qxe7 {[%emt 0:00:54]} 14. Qxd6 {[%emt 0:00:11]} Qg5 {[%emt 0:00:04]} 15. Qd2 {[%emt 0:01:24]} Qg6 {[%emt 0:00:41]} 16. Bd3 {[%emt 0:03:25]} Qxg2 {[%emt 0:03:06]} 17. O-O-O {[%emt 0:00:28]} Qf3 {[%emt 0:00:10]} 18. Kb1 {[%emt 0:06:51]} Qf4 1/2-1/2

[Event "31st Klatovy A 2025"]
[Site "Klatovy CZE"]
[Date "2025.07.04"]
[Round "7.9"]
[White "Krivanek, Vladimir"]
[Black "Strnad, Jakub"]
[Result "1/2-1/2"]
[WhiteElo "2172"]
[BlackElo "1993"]
[PlyCount "88"]
[EventDate "2025.06.28"]
[EventType "swiss"]
[EventRounds "9"]
[EventCountry "CZE"]

1. e4 {[%emt 0:00:06]} e5 {[%emt 0:00:06]} 2. Nf3 {[%emt 0:00:08]} Nc6 {[%emt 0:00:07]} 3. Bc4 {[%emt 0:00:27]} Nf6 {[%emt 0:00:34]} 4. Ng5 {[%emt 0:00:29]} d5 {[%emt 0:00:15]} 5. exd5 {[%emt 0:00:09]} Na5 {[%emt 0:00:08]} 6. Bb5+ {[%emt 0:00:27]} c6 {[%emt 0:00:10]} 7. dxc6 {[%emt 0:00:08]} bxc6 {[%emt 0:00:06]} 8. Be2 {[%emt 0:00:23]} h6 {[%emt 0:02:17]} 9. Nf3 {[%emt 0:00:11]} Bc5 {[%emt 0:09:39]} 10. c3 {[%emt 0:06:41]} e4 {[%emt 0:03:19]} 11. Ne5 {[%emt 0:02:00]} Bd6 {[%emt 0:00:29]} 12. d4 {[%emt 0:03:11]} exd3 {[%emt 0:05:56]} 13. Nxd3 {[%emt 0:00:41]} O-O {[%emt 0:00:44]} 14. O-O {[%emt 0:02:11]} Bf5 {[%emt 0:04:54]} 15. b4 {[%emt 0:08:00]} Nc4 {[%emt 0:07:14]} 16. Nc5 {[%emt 0:03:59]} Nb6 {[%emt 0:00:42]} 17. Nb7 {[%emt 0:26:16]} Bxh2+ {[%emt 0:00:45]} 18. Kxh2 {[%emt 0:00:08]} Qc7+ {[%emt 0:00:07]} 19. Nd6 {[%emt 0:00:47]} Nbd5 {[%emt 0:01:38]} 20. f4 {[%emt 0:04:37]} Bxb1 {[%emt 0:03:34]} 21. Rxb1 {[%emt 0:07:09]} Nxc3 {[%emt 0:00:53]} 22. Qc2 {[%emt 0:05:57]} Nxe2 {[%emt 0:03:09]} 23. Nf5 {[%emt 0:08:07]} Nxc1 {[%emt 0:09:39]} 24. Rbxc1 {[%emt 0:01:07]} Qd7 {[%emt 0:01:17]} 25. Rfd1 {[%emt 0:02:33]} Qc7 {[%emt 0:27:53]} 26. Rd6 {[%emt 0:16:48]} Ng4+ {[%emt 0:18:24]} 27. Kh3 {[%emt 0:06:15]} Ne3 {[%emt 0:01:14]} 28. Qxc6 {[%emt 0:00:37]} Qxc6 {[%emt 0:00:13]} 29. Ne7+ {[%emt 0:00:08]} Kh7 {[%emt 0:00:59]} 30. Nxc6 {[%emt 0:02:35]} a6 {[%emt 0:06:26]} 31. Rc5 {[%emt 0:01:35]} Rfe8 {[%emt 0:02:27]} 32. Rd7 {[%emt 0:00:44]} f6 {[%emt 0:04:29]} 33. Ne7 {[%emt 0:03:11]} Rad8 {[%emt 0:04:39]} 34. Rcc7 {[%emt 0:00:27]} Rxd7 {[%emt 0:00:16]} 35. Rxd7 {[%emt 0:00:02]} Rb8 {[%emt 0:03:11]} 36. a3 {[%emt 0:00:50]} Rb6 {[%emt 0:00:55]} 37. g4 {[%emt 0:03:16]} a5 {[%emt 0:01:50]} 38. f5 {[%emt 0:01:19]} h5 {[%emt 0:01:42]} 39. Rd3 {[%emt 0:06:44]} Nxg4 {[%emt 0:00:50]} 40. Kh4 {[%emt 0:01:04]} axb4 {[%emt 0:01:10]} 41. Kxh5 {[%emt 0:02:21]} Ne5 {[%emt 0:01:07]} 42. Rb3 {[%emt 0:02:09]} g6+ {[%emt 0:02:59]} 43. fxg6+ {[%emt 0:00:42]} Nxg6 {[%emt 0:00:18]} 44. Nxg6 {[%emt 0:01:43]} Rb5+ {[%emt 0:00:04]} 1/2-1/2

[Event "31st Klatovy A 2025"]
[Site "Klatovy CZE"]
[Date "2025.07.04"]
[Round "7.10"]
[White "Richter, Martin 1969"]
[Black "Kupsa, Matej 2001"]
[Result "0-1"]
[WhiteElo "1928"]
[BlackElo "2100"]
[PlyCount "102"]
[EventDate "2025.06.28"]
[EventType "swiss"]
[EventRounds "9"]
[EventCountry "CZE"]

1. e4 {[%emt 0:00:08]} c5 {[%emt 0:00:56]} 2. b3 {[%emt 0:00:17]} Nc6 {[%emt 0:01:46]} 3. Bb2 {[%emt 0:00:17]} d6 {[%emt 0:01:30]} 4. Bb5 {[%emt 0:01:02]} Nf6 {[%emt 0:03:36]} 5. Qe2 {[%emt 0:01:11]} Bd7 {[%emt 0:01:08]} 6. d3 {[%emt 0:00:38]} g6 {[%emt 0:11:42]} 7. f4 {[%emt 0:02:41]} Bg7 {[%emt 0:02:59]} 8. Nf3 {[%emt 0:00:49]} Qa5+ {[%emt 0:09:46]} 9. Nc3 {[%emt 0:02:54]} Nxe4 {[%emt 0:07:14]} 10. dxe4 {[%emt 0:00:44]} Bxc3+ {[%emt 0:01:00]} 11. Bxc3 {[%emt 0:00:08]} Qxc3+ {[%emt 0:00:05]} 12. Kf2 {[%emt 0:00:12]} O-O {[%emt 0:04:04]} 13. Rad1 {[%emt 0:03:03]} a6 {[%emt 0:06:22]} 14. Bxc6 {[%emt 0:01:32]} Bxc6 {[%emt 0:02:15]} 15. Rd3 {[%emt 0:03:35]} Qb2 {[%emt 0:15:54]} 16. a4 {[%emt 0:01:25]} c4 {[%emt 0:08:57]} 17. Re3 {[%emt 0:03:19]} Rac8 {[%emt 0:09:15]} 18. Rd1 {[%emt 0:05:55]} b5 {[%emt 0:11:17]} 19. a5 {[%emt 0:15:44]} Ba8 {[%emt 0:13:33]} 20. Rd2 {[%emt 0:07:26]} cxb3 {[%emt 0:05:06]} 21. cxb3 {[%emt 0:00:32]} Qf6 {[%emt 0:02:17]} 22. g3 {[%emt 0:03:34]} e5 {[%emt 0:00:01]} 23. fxe5 {[%emt 0:17:37]} dxe5 {[%emt 0:00:01]} 24. Red3 {[%emt 0:00:21]} Rfd8 {[%emt 0:00:52]} 25. Rxd8+ {[%emt 0:03:59]} Rxd8 {[%emt 0:00:05]} 26. Rxd8+ {[%emt 0:00:33]} Qxd8 {[%emt 0:00:01]} 27. b4 {[%emt 0:03:18]} Kg7 {[%emt 0:04:24]} 28. Qc2 {[%emt 0:11:28]} Qe7 {[%emt 0:01:40]} 29. Qc3 {[%emt 0:00:40]} f6 {[%emt 0:03:00]} 30. Ke3 {[%emt 0:00:44]} Qa7+ {[%emt 0:00:22]} 31. Ke2 {[%emt 0:04:19]} Bxe4 {[%emt 0:02:28]} 32. Nxe5 {[%emt 0:00:16]} Qe7 {[%emt 0:01:21]} 33. Nd3 {[%emt 0:02:54]} Bd5+ {[%emt 0:00:48]} 34. Kd2 {[%emt 0:00:59]} Bc4 {[%emt 0:01:04]} 35. Qd4 {[%emt 0:01:23]} Qe6 {[%emt 0:00:23]} 36. Nf4 {[%emt 0:06:51]} Qc6 {[%emt 0:00:24]} 37. Qb6 {[%emt 0:04:04]} Qd7+ {[%emt 0:00:23]} 38. Kc3 {[%emt 0:00:13]} g5 {[%emt 0:00:34]} 39. Nh5+ {[%emt 0:03:05]} Kg6 {[%emt 0:00:15]} 40. Qxf6+ {[%emt 0:03:18]} Kxh5 {[%emt 0:00:12]} 41. Qf3+ {[%emt 0:00:23]} Qg4 {[%emt 0:01:17]} 42. Qa8 {[%emt 0:00:56]} Qe6 {[%emt 0:00:22]} 43. Qf3+ {[%emt 0:00:27]} Kg6 {[%emt 0:00:32]} 44. Qf8 {[%emt 0:00:38]} Qf6+ {[%emt 0:00:26]} 45. Qxf6+ {[%emt 0:00:07]} Kxf6 {[%emt 0:00:04]} 46. Kd4 {[%emt 0:00:06]} g4 {[%emt 0:00:54]} 47. Kc5 {[%emt 0:00:11]} Ke5 {[%emt 0:00:41]} 48. Kb6 {[%emt 0:00:07]} Kd4 {[%emt 0:00:31]} 49. Kxa6 {[%emt 0:00:12]} Kc3 {[%emt 0:00:06]} 50. Kb6 {[%emt 0:00:17]} Kxb4 {[%emt 0:00:07]} 51. a6 {[%emt 0:00:03]} Bd5 {[%emt 0:00:12]} 0-1

[Event "31st Klatovy A 2025"]
[Site "Klatovy CZE"]
[Date "2025.07.04"]
[Round "7.11"]
[White "Andrle, Filip"]
[Black "Slaby, Matej"]
[Result "0-1"]
[WhiteElo "2019"]
[BlackElo "2056"]
[PlyCount "94"]
[EventDate "2025.06.28"]
[EventType "swiss"]
[EventRounds "9"]
[EventCountry "CZE"]

1. c4 {[%emt 0:04:03]} c5 {[%emt 0:00:43]} 2. Nc3 {[%emt 0:00:13]} b6 {[%emt 0:00:26]} 3. e4 {[%emt 0:01:29]} Bb7 {[%emt 0:00:11]} 4. g3 {[%emt 0:00:16]} Nf6 {[%emt 0:00:32]} 5. Bg2 {[%emt 0:00:47]} e6 {[%emt 0:00:06]} 6. Nge2 {[%emt 0:06:26]} Be7 {[%emt 0:00:09]} 7. O-O {[%emt 0:00:49]} Qc8 {[%emt 0:04:09]} 8. b3 {[%emt 0:08:41]} d6 {[%emt 0:03:21]} 9. d4 {[%emt 0:03:12]} cxd4 {[%emt 0:00:18]} 10. Nxd4 {[%emt 0:00:56]} a6 {[%emt 0:01:08]} 11. Bb2 {[%emt 0:02:04]} Nbd7 {[%emt 0:03:09]} 12. Rc1 {[%emt 0:04:47]} O-O {[%emt 0:01:08]} 13. Qe2 {[%emt 0:10:00]} Re8 {[%emt 0:04:25]} 14. Rfd1 {[%emt 0:01:26]} Qc7 {[%emt 0:01:33]} 15. Nc2 {[%emt 0:14:26]} Rac8 {[%emt 0:07:27]} 16. Ne3 {[%emt 0:06:36]} Qb8 {[%emt 0:01:06]} 17. Ba3 {[%emt 0:01:05]} Nc5 {[%emt 0:07:18]} 18. Ng4 {[%emt 0:01:19]} Nxg4 {[%emt 0:05:27]} 19. Qxg4 {[%emt 0:04:02]} Qa8 {[%emt 0:00:41]} 20. f3 {[%emt 0:07:08]} Red8 {[%emt 0:01:31]} 21. Bb2 {[%emt 0:02:35]} Bf6 {[%emt 0:05:52]} 22. Rc2 {[%emt 0:08:57]} Kf8 {[%emt 0:06:58]} 23. Qh5 {[%emt 0:07:05]} h6 {[%emt 0:00:21]} 24. b4 {[%emt 0:02:37]} Nd7 {[%emt 0:00:38]} 25. Bf1 {[%emt 0:04:57]} Ne5 {[%emt 0:14:25]} 26. Na4 {[%emt 0:03:34]} Nxf3+ {[%emt 0:09:55]} 27. Qxf3 {[%emt 0:02:45]} Bxe4 {[%emt 0:00:06]} 28. Qf2 {[%emt 0:00:27]} Bxc2 {[%emt 0:00:55]} 29. Qxc2 {[%emt 0:00:45]} Bxb2 {[%emt 0:00:49]} 30. Nxb2 {[%emt 0:04:21]} Qf3 {[%emt 0:12:10]} 31. Rd3 {[%emt 0:01:20]} Qf6 {[%emt 0:04:20]} 32. Qf2 {[%emt 0:09:07]} Qxf2+ {[%emt 0:00:34]} 33. Kxf2 {[%emt 0:00:07]} d5 {[%emt 0:07:14]} 34. Ra3 {[%emt 0:00:50]} dxc4 {[%emt 0:00:37]} 35. Nxc4 {[%emt 0:00:18]} b5 {[%emt 0:00:59]} 36. Ne3 {[%emt 0:02:27]} Rd6 {[%emt 0:02:38]} 37. Ra5 {[%emt 0:03:14]} Ke7 {[%emt 0:04:48]} 38. a4 {[%emt 0:00:31]} bxa4 {[%emt 0:01:56]} 39. Rxa4 {[%emt 0:00:55]} Rcc6 {[%emt 0:03:44]} 40. Kf3 {[%emt 0:00:25]} f5 {[%emt 0:04:21]} 41. b5 {[%emt 0:02:58]} axb5 {[%emt 0:00:16]} 42. Bxb5 {[%emt 0:01:16]} Rc3 {[%emt 0:00:36]} 43. Ke2 {[%emt 0:00:54]} Rb6 {[%emt 0:00:26]} 44. Bc4 {[%emt 0:01:07]} Rb2+ {[%emt 0:01:15]} 45. Kf3 {[%emt 0:00:18]} g5 {[%emt 0:00:55]} 46. h3 {[%emt 0:00:41]} h5 {[%emt 0:00:31]} 47. Be2 {[%emt 0:00:47]} Rbb3 {[%emt 0:00:26]} 0-1

[Event "31st Klatovy A 2025"]
[Site "Klatovy CZE"]
[Date "2025.07.04"]
[Round "7.12"]
[White "Marsalek, Zdenek"]
[Black "Langmajer, Jan"]
[Result "1-0"]
[WhiteElo "2187"]
[BlackElo "1994"]
[PlyCount "69"]
[EventDate "2025.06.28"]
[EventType "swiss"]
[EventRounds "9"]
[EventCountry "CZE"]

1. d4 {[%emt 0:01:31]} d5 {[%emt 0:00:14]} 2. Nf3 {[%emt 0:00:30]} Nf6 3. e3 e6 {[%emt 0:01:49]} 4. c4 {[%emt 0:02:05]} c6 {[%emt 0:01:15]} 5. Nc3 {[%emt 0:00:26]} Bd6 {[%emt 0:00:18]} 6. Bd3 {[%emt 0:00:26]} dxc4 {[%emt 0:00:16]} 7. Bxc4 {[%emt 0:00:13]} O-O {[%emt 0:00:14]} 8. O-O {[%emt 0:00:14]} Nbd7 {[%emt 0:02:13]} 9. Qc2 {[%emt 0:01:40]} Qc7 {[%emt 0:03:34]} 10. h3 {[%emt 0:00:37]} e5 {[%emt 0:03:05]} 11. a3 {[%emt 0:00:57]} h6 {[%emt 0:08:20]} 12. b4 {[%emt 0:02:16]} Nb6 {[%emt 0:09:17]} 13. Ba2 {[%emt 0:03:54]} Re8 {[%emt 0:13:43]} 14. dxe5 {[%emt 0:03:14]} Bxe5 {[%emt 0:00:25]} 15. Bb2 {[%emt 0:00:09]} a5 {[%emt 0:04:09]} 16. Nxe5 {[%emt 0:02:47]} Rxe5 {[%emt 0:07:26]} 17. Ne2 {[%emt 0:01:27]} Rg5 {[%emt 0:05:49]} 18. Bxf6 {[%emt 0:01:03]} gxf6 {[%emt 0:00:10]} 19. Nf4 {[%emt 0:00:22]} Bf5 {[%emt 0:07:01]} 20. Qe2 {[%emt 0:02:25]} Qe5 {[%emt 0:21:24]} 21. Rfd1 {[%emt 0:04:46]} axb4 {[%emt 0:06:08]} 22. axb4 {[%emt 0:01:35]} Kh8 {[%emt 0:14:57]} 23. Rd4 {[%emt 0:10:03]} Rag8 {[%emt 0:04:28]} 24. Qf3 {[%emt 0:02:09]} Re8 {[%emt 0:09:59]} 25. Rad1 {[%emt 0:09:15]} Be4 {[%emt 0:02:52]} 26. Qe2 {[%emt 0:00:18]} Qf5 {[%emt 0:03:41]} 27. Bxf7 {[%emt 0:04:20]} Re7 {[%emt 0:00:29]} 28. Ba2 {[%emt 0:00:23]} Bxg2 {[%emt 0:00:36]} 29. Nxg2 {[%emt 0:00:34]} Qxh3 {[%emt 0:00:22]} 30. f3 {[%emt 0:04:11]} Reg7 {[%emt 0:00:33]} 31. Rg4 {[%emt 0:00:20]} Rxg4 {[%emt 0:00:35]} 32. fxg4 {[%emt 0:00:08]} Rxg4 {[%emt 0:00:30]} 33. Rd8+ {[%emt 0:02:37]} Kh7 {[%emt 0:00:06]} 34. Bb1+ {[%emt 0:00:09]} Kg7 {[%emt 0:00:33]} 35. Bf5 {[%emt 0:00:13]} 1-0

[Event "31st Klatovy A 2025"]
[Site "Klatovy CZE"]
[Date "2025.07.04"]
[Round "7.13"]
[White "Mametev, Artem"]
[Black "Palek, Miroslav"]
[Result "1-0"]
[WhiteElo "2179"]
[BlackElo "2046"]
[PlyCount "47"]
[EventDate "2025.06.28"]
[EventType "swiss"]
[EventRounds "9"]
[EventCountry "CZE"]

1. e4 {[%emt 0:00:09]} e6 {[%emt 0:00:22]} 2. d4 {[%emt 0:00:08]} d5 {[%emt 0:00:12]} 3. Nd2 {[%emt 0:00:16]} dxe4 {[%emt 0:01:22]} 4. Nxe4 {[%emt 0:00:08]} Nd7 {[%emt 0:00:29]} 5. Nf3 {[%emt 0:00:15]} Ngf6 {[%emt 0:00:12]} 6. Nxf6+ {[%emt 0:00:41]} Nxf6 {[%emt 0:00:09]} 7. Bd3 {[%emt 0:00:03]} c5 {[%emt 0:00:51]} 8. dxc5 {[%emt 0:00:15]} Bxc5 {[%emt 0:00:27]} 9. Qe2 {[%emt 0:00:10]} b6 {[%emt 0:01:08]} 10. Bg5 {[%emt 0:00:51]} Qc7 {[%emt 0:06:20]} 11. O-O-O {[%emt 0:03:51]} Bb7 {[%emt 0:00:43]} 12. Bb5+ {[%emt 0:01:19]} Bc6 {[%emt 0:00:34]} 13. Ne5 {[%emt 0:08:41]} Bxb5 {[%emt 0:00:12]} 14. Qxb5+ {[%emt 0:00:02]} Kf8 {[%emt 0:00:23]} 15. Rhe1 {[%emt 0:16:59]} a6 {[%emt 0:16:32]} 16. Qa4 {[%emt 0:09:30]} b5 {[%emt 0:03:07]} 17. Qf4 {[%emt 0:04:28]} Rc8 {[%emt 0:00:46]} 18. Re2 {[%emt 0:26:13]} Nd5 {[%emt 0:01:15]} 19. Rxd5 {[%emt 0:03:20]} exd5 {[%emt 0:00:23]} 20. Qf5 {[%emt 0:00:03]} Kg8 {[%emt 0:14:28]} 21. Be7 {[%emt 0:00:15]} Rf8 {[%emt 0:03:04]} 22. Bxf8 {[%emt 0:05:48]} Bxf8 {[%emt 0:02:08]} 23. Nd7 {[%emt 0:00:15]} g6 {[%emt 0:02:16]} 24. Nf6+ {[%emt 0:01:14]} 1-0

[Event "31st Klatovy A 2025"]
[Site "Klatovy CZE"]
[Date "2025.07.04"]
[Round "7.14"]
[White "Bara, Jan"]
[Black "Simet, Martin"]
[Result "1-0"]
[WhiteElo "1964"]
[BlackElo "2151"]
[PlyCount "71"]
[EventDate "2025.06.28"]
[EventType "swiss"]
[EventRounds "9"]
[EventCountry "CZE"]

1. c4 {[%emt 16:18:13]} d6 {[%emt 0:03:33]} 2. g3 {[%emt 0:00:15]} g6 {[%emt 0:00:11]} 3. Bg2 {[%emt 0:00:07]} Bg7 {[%emt 0:00:04]} 4. Nc3 {[%emt 0:00:39]} c5 {[%emt 0:00:56]} 5. e4 {[%emt 0:00:21]} Nc6 {[%emt 0:00:16]} 6. Nge2 {[%emt 0:00:12]} a6 {[%emt 0:01:45]} 7. O-O {[%emt 0:00:12]} Rb8 {[%emt 0:00:09]} 8. d3 {[%emt 0:02:25]} b5 {[%emt 0:01:30]} 9. f4 {[%emt 0:01:19]} Bd7 {[%emt 0:10:58]} 10. Be3 {[%emt 0:04:14]} Nf6 {[%emt 0:07:25]} 11. h3 {[%emt 0:00:40]} Qc8 {[%emt 0:22:07]} 12. g4 {[%emt 0:09:42]} h5 {[%emt 0:21:47]} 13. g5 {[%emt 0:01:59]} Nh7 {[%emt 0:00:04]} 14. h4 {[%emt 0:01:39]} Bg4 {[%emt 0:02:01]} 15. Qd2 {[%emt 0:01:29]} Nd4 {[%emt 0:02:09]} 16. cxb5 {[%emt 0:07:19]} Nxe2+ {[%emt 0:09:33]} 17. Nxe2 {[%emt 0:02:27]} O-O {[%emt 0:00:05]} 18. Rac1 {[%emt 0:10:20]} Rxb5 {[%emt 0:03:32]} 19. b3 {[%emt 0:03:41]} Qd7 {[%emt 0:04:08]} 20. Nc3 {[%emt 0:06:47]} Rbb8 {[%emt 0:00:54]} 21. d4 {[%emt 0:02:29]} c4 {[%emt 0:17:12]} 22. bxc4 {[%emt 0:06:02]} Rfc8 {[%emt 0:00:04]} 23. Nd1 {[%emt 0:08:21]} Qa4 {[%emt 0:01:19]} 24. Nc3 {[%emt 0:06:31]} Qa3 {[%emt 0:00:30]} 25. Nd5 {[%emt 0:00:48]} Rb2 {[%emt 0:01:38]} 26. Rc2 {[%emt 0:05:06]} Rcb8 {[%emt 0:00:05]} 27. Nxe7+ {[%emt 0:03:18]} Kf8 {[%emt 0:00:05]} 28. Nd5 {[%emt 0:00:07]} Qxa2 {[%emt 0:00:18]} 29. Rf2 {[%emt 0:03:25]} Rb1+ {[%emt 0:01:29]} 30. Kh2 {[%emt 0:01:48]} Qb3 {[%emt 0:00:06]} 31. Qa5 {[%emt 0:05:43]} Kg8 {[%emt 0:02:03]} 32. f5 {[%emt 0:05:15]} gxf5 {[%emt 0:02:20]} 33. exf5 {[%emt 0:01:01]} Qd3 {[%emt 0:02:37]} 34. Rfd2 {[%emt 0:03:58]} Qb3 {[%emt 0:00:07]} 35. f6 {[%emt 0:00:56]} Bf8 {[%emt 0:00:25]} 36. Rc3 {[%emt 0:00:55]} 1-0